The modern law of evidence /
Salvato in:
| Autore principale: | |
|---|---|
| Natura: | Libro |
| Pubblicazione: |
New York :
Oxford University Press,
2006.
|
| Edizione: | 6th ed. |
| Soggetti: | |
| Accesso online: | http://www.loc.gov/catdir/toc/ecip0516/2005021639.html http://www.loc.gov/catdir/enhancements/fy0638/2005021639-d.html http://www.loc.gov/catdir/enhancements/fy0725/2005021639-b.html |
| Tags: |
Aggiungi Tag
Nessun Tag, puoi essere il primo ad aggiungerne!!
|
MARC
| LEADER | 00000cam a22000004a 4500 | ||
|---|---|---|---|
| 005 | 20260529081742.0 | ||
| 020 | |a 9780406975799 |c TZS 57853.9/= | ||
| 040 | |a MCCL |b Eng |e AACR 2nd rev. ed. | ||
| 082 | 0 | 0 | |a 347.06 KEA |
| 100 | 1 | |a Keane, Adrian, | |
| 245 | 1 | 4 | |a The modern law of evidence / |c Adrian Keane. |
| 250 | |a 6th ed. | ||
| 260 | |a New York : |b Oxford University Press, |c 2006. | ||
| 300 | |a lxxxviii, 727 p. ; |c 25 cm. | ||
| 500 | |a Includes index. | ||
| 650 | 0 | |a Evidence (Law) |z Great Britain. | |
| 856 | 4 | 1 | |u http://www.loc.gov/catdir/toc/ecip0516/2005021639.html |
| 856 | 4 | 2 | |u http://www.loc.gov/catdir/enhancements/fy0638/2005021639-d.html |
| 856 | 4 | 2 | |u http://www.loc.gov/catdir/enhancements/fy0725/2005021639-b.html |
| 942 | |c BK | ||
| 999 | |c 12738 |d 12738 | ||